000 00678nam a2200229Ia 4500
001 8598
003 GE_BSU
008 181216s||||||||xx |||||||||||||| ||und||
040 _cGE_BSU
080 _a821.353.1-1
100 _aთევზაძე, ანდრო
245 _aრჩეული
245 _bლექსები
245 _cრედ.: შ. ფორჩხიძე; მხატვ.: გ. ქუთათელაძე.
260 _aთბილისი.
260 _bსაბჭ. საქართველო
260 _c1965
300 _a212 გვ; 15 სმ.
300 _bილ.
653 _aლექსები
942 _cBK
999 _c41914
_d41914